000 00688nam a2200217 a 4500
001 000012053
005 20240412074229.0
008 091104s1987 dr 000 0 spa d
040 _aDO-SdBNP
_bspa
_cBNPHU
082 _aRD861.44
_bG633s
100 1 _aGómez, Miguel Ángel
_923560
245 1 0 _aSinfonías de quereres /
_cMiguel Ángel Gómez.
260 _aLa Romana, República Dominicana :
_bVagón,
_c1987.
300 _a30 p. ;
_c14 cm.
490 1 _aEditorial Vagón
_v9
590 _aInventariado, 2018/LP
650 0 _aPoesía dominicana
_966
650 0 _aLiteratura dominicana.
_967
830 0 _aEditorial Vagón ;
_n9
_928496
910 _aValidado. Control de calidad BNPHU
999 _c11721
_d11721